| 000 | 01013nam a22002297a 4500 | ||
|---|---|---|---|
| 001 | 6751 | ||
| 003 | FISKH | ||
| 005 | 20250523160932.0 | ||
| 008 | 250523b cb ||||| |||| 00| 0 eng d | ||
| 020 | _a9782259221863 | ||
| 040 |
_aFISKH _bFrench _cFISKH _dFISKH |
||
| 050 | _a PS3570.A657 G65 | ||
| 082 | _a813.54 | ||
| 100 | _aTartt, Donna | ||
| 245 |
_aLe chardonneret / _cBy Donna Tartt |
||
| 260 |
_aParis : _bPlon , _c2015. |
||
| 300 |
_a795 pages : _billustrations ; _c24 cm . |
||
| 520 | _aA young boy in New York City, Theo Decker, miraculously survives an accident that takes the life of his mother. Alone and abandoned by his father, Theo is taken in by a friend's family and struggles to make sense of his new life. In the years that follow, he becomes entranced by one of the few things that reminds him of his mother; a small, mysteriously captivating painting that ultimately draws Theo into the art underworld. | ||
| 650 |
_aComing of age _vFiction |
||
| 942 |
_2ddc _cBK _n0 |
||
| 999 |
_c6751 _d6751 |
||